书目信息 |
| 题名: |
战国策精华
|
|
| 作者: | 刘向 著 ;杨广杰 | |
| 分册: | 上 | |
| 出版信息: | 沈阳 辽宁人民出版社 2018 |
|
| 页数: | 337页 | |
| 开本: | 23cm | |
| 丛书名: | 传世名著典藏丛书 | |
| 单 册: | ||
| 中图分类: | K231.04 | |
| 科图分类: | ||
| 主题词: | 中国历史--Zhong Guo Li Shi--战国时代--史籍 | |
| 电子资源: | ||
| ISBN: | 978-7-205-09271-9 | |
| 000 | 01192nam 2200301 45 | |
| 001 | 012001009181 | |
| 005 | 20191029101443.40 | |
| 010 | @a978-7-205-09271-9@dCNY51.00 | |
| 099 | @aCAL 012018186336 | |
| 100 | @a20181203d2018 em y0chiy50 ea | |
| 101 | 0 | @achi |
| 102 | @aCN@b210000 | |
| 105 | @aa z 000yy | |
| 106 | @ar | |
| 200 | 1 | @a战国策精华@AZhan Guo Ce Jing Hua@h上@f(西汉) 刘向著@g杨广杰译注 |
| 210 | @a沈阳@c辽宁人民出版社@d2018 | |
| 215 | @a337页@c图@d23cm | |
| 225 | 2 | @a传世名著典藏丛书@AChuan Shi Ming Zhu Dian Cang Cong Shu@f蔡瑶主编 |
| 330 | @a《战国策》深受后世的推崇。那些几千年前的华夏精英们提炼的生存技能和成功方略依然是那么的鲜活如新,依然能为现代人提供生存、社交、经营和成功的养料。透过文字,现代人仍能体会到纵横家们的思维、心理活动,感受到他们的满腹经纶、雄才大略和卓越辩才。 | |
| 410 | 0 | @12001 @a传世名著典藏丛书@f蔡瑶主编 |
| 605 | @a《战国策》@A《Zhan Guo Ce》@x译文 | |
| 605 | @a《战国策》@A《Zhan Guo Ce》@x注释 | |
| 606 | 0 | @a中国历史@AZhong Guo Li Shi@z战国时代@j史籍 |
| 690 | @aK231.04@v5 | |
| 701 | 0 | @a刘向@ALiu Xiang@4著 |
| 702 | 0 | @a杨广杰@AYang Guang Jie |
| 801 | 0 | @aCN@b上海新华@c20191020 |
| 905 | @b1187247-9@dK231.04@e31:1@f3 | |
| 战国策精华.上/(西汉) 刘向著/杨广杰译注.-沈阳:辽宁人民出版社,2018 |
| 337页:图;23cm.-(传世名著典藏丛书/蔡瑶主编) |
| ISBN 978-7-205-09271-9:CNY51.00 |
| 《战国策》深受后世的推崇。那些几千年前的华夏精英们提炼的生存技能和成功方略依然是那么的鲜活如新,依然能为现代人提供生存、社交、经营和成功的养料。透过文字,现代人仍能体会到纵横家们的思维、心理活动,感受到他们的满腹经纶、雄才大略和卓越辩才。 |
| ● |
| 相关链接 |
|
|
|
|
正题名:战国策精华
索取号:K231.04/31:1
 
预约/预借
| 序号 | 登录号 | 条形码 | 馆藏地/架位号 | 状态 | 备注 |
| 1 | 1187247 | 211872473 | 第二样本阅览室/ [索取号:K231.04/31:1] | 在馆 | |
| 2 | 1187248 | 211872482 | 第二借阅区/ [索取号:K231.04/31:1] | 在馆 | |
| 3 | 1187249 | 211872491 | 第二借阅区/ [索取号:K231.04/31:1] | 在馆 |